[Event "XIV Open Primavera"]
[Site "Robecchetto con Induno ITA"]
[Date "2017.04.06"]
[Round "1"]
[White "Salerno, Christian"]
[Black "Testa, Loris"]
[Result "0-1"]
[WhiteElo "1777"]
[BlackElo "1903"]
[PlyCount "86"]
[EventDate "2017.04.06"]

1. d4 f5 2. c4 Nf6 3. Nc3 e6 4. Nf3 b6 5. g3 Bb7 6. Bg2 Be7 7. O-O O-O 8. a3 d5
9. Ne5 Nbd7 10. Nxd7 Qxd7 11. cxd5 exd5 12. Qb3 Kh8 13. Bf4 c6 14. Rfd1 Ne4 15.
Nxe4 fxe4 16. Be5 Qf5 17. Rf1 c5 18. f3 c4 19. Qe3 Bg5 20. f4 Bf6 21. Rf2 b5
22. Rff1 a5 23. Qd2 Be7 24. e3 b4 25. Rfb1 Rfc8 26. Qd1 bxa3 27. bxa3 Bc6 28.
a4 Bb4 29. Qc2 Qd7 30. h4 Bb7 31. Kh2 Rc6 32. Bh3 Qe7 33. Kg1 Rg6 34. Kh2 Ba6
35. f5 Rc6 36. Rf1 c3 37. Rf4 Rf8 38. Bf1 Bc8 39. Bh3 Bd6 40. Bxd6 Qxd6 41. g4
Ba6 42. Bf1 Rb8 43. Bxa6 Rb2 0-1

[Event "XIV Open Primavera"]
[Site "Robecchetto con Induno ITA"]
[Date "2017.04.06"]
[Round "1"]
[White "Bianchi, Alberto"]
[Black "Caccia, Mathias"]
[Result "1-0"]
[WhiteElo "1868"]
[BlackElo "1749"]
[PlyCount "43"]
[EventDate "2017.04.06"]

1. Nf3 d5 2. d4 Nf6 3. g3 Bf5 4. Bg2 h6 5. O-O e6 6. c4 Be7 7. Nc3 c6 8. c5
Nbd7 9. b4 b6 10. Re1 O-O 11. Nd2 bxc5 12. dxc5 Qc7 13. Nb3 Qb7 14. Bd2 Bd8 15.
Nd4 Bg6 16. b5 cxb5 17. c6 Qb6 18. Be3 e5 19. Ne6 Qxc6 20. Nxf8 Qxc3 21. Nxd7
Nxd7 22. Qxd5 1-0

[Event "XIV Open Primavera"]
[Site "Robecchetto con Induno ITA"]
[Date "2017.04.06"]
[Round "1"]
[White "Colusso, Ermes"]
[Black "Novi', Giuseppe"]
[Result "1-0"]
[WhiteElo "1741"]
[BlackElo "1825"]
[PlyCount "99"]
[EventDate "2017.04.06"]

1. e4 c6 2. d4 d5 3. exd5 cxd5 4. c4 Nf6 5. Nc3 Nc6 6. Nf3 Bg4 7. Be3 a6 8. c5
e6 9. h3 Bh5 10. Bd3 Be7 11. g4 Bg6 12. Bxg6 hxg6 13. Ne5 Nxe5 14. dxe5 Nd7 15.
Qa4 O-O 16. f4 Bxc5 17. Bxc5 Qh4+ 18. Bf2 Qe7 19. Qd4 Rac8 20. O-O Rc4 21. Qd2
g5 22. Bg3 gxf4 23. Bxf4 Qc5+ 24. Kh2 Qe7 25. Rac1 Qb4 26. Bg3 f6 27. Qe2 fxe5
28. Rxf8+ Kxf8 29. Rf1+ Ke7 30. Rf2 Rxc3 31. bxc3 Qxc3 32. Qb2 Qxb2 33. Rxb2 b5
34. Rc2 Kd6 35. Kg2 d4 36. Kf3 Kd5 37. Kf2 e4 38. h4 Nf6 39. g5 Ng4+ 40. Ke1 d3
41. Rc7 e3 42. Rd7+ Ke4 43. Bc7 d2+ 44. Ke2 g6 45. Bb6 Ne5 46. Rd8 Nc4 47. Bc5
a5 48. Rd3 Kf4 49. Bxe3+ Nxe3 50. Rd4+ 1-0

[Event "XIV Open Primavera"]
[Site "Robecchetto con Induno ITA"]
[Date "2017.04.06"]
[Round "1"]
[White "Barrera, Pietro"]
[Black "Gaspari, Giulio"]
[Result "1-0"]
[WhiteElo "1812"]
[BlackElo "1717"]
[PlyCount "107"]
[EventDate "2017.04.06"]

1. e4 e6 2. d4 d5 3. e5 c5 4. Nf3 Nc6 5. Bd3 cxd4 6. O-O h6 7. Nbd2 Bc5 8. Nb3
Bb6 9. Re1 Nge7 10. Bf4 O-O 11. Qd2 Ng6 12. Bxh6 Bc7 13. Bg5 Qe8 14. Bxg6 fxg6
15. Nbxd4 Nxd4 16. Nxd4 Bb6 17. Rad1 Bd7 18. Qb4 Rc8 19. c3 Rc4 20. Qe7 Qxe7
21. Bxe7 Rf7 22. Bd6 Rf4 23. g3 Rf7 24. Re3 a6 25. Rf3 Bxd4 26. Rxf7 Kxf7 27.
cxd4 Rc2 28. Ba3 Bb5 29. h4 Bc4 30. Re1 Bxa2 31. Re3 Rc8 32. Rf3+ Kg8 33. Rf4
Bb1 34. g4 Bc2 35. Kf1 Ba4 36. Kg2 Bb5 37. Kg3 Bd3 38. Rf3 Bb5 39. Bc5 Bc6 40.
g5 Bb5 41. Re3 Rc6 42. h5 gxh5 43. g6 Rc8 44. Kh4 Bd7 45. Kxh5 Bb5 46. Kg5 Bd7
47. f4 Re8 48. Bd6 Rc8 49. f5 exf5 50. e6 Bc6 51. Kxf5 Re8 52. e7 Rc8 53. Kg5
Re8 54. Rf3 1-0

[Event "XIV Open Primavera"]
[Site "Robecchetto con Induno ITA"]
[Date "2017.04.06"]
[Round "1"]
[White "Rutigliano, Cesare"]
[Black "Colombo, Sandro"]
[Result "1-0"]
[WhiteElo "1666"]
[BlackElo "1791"]
[PlyCount "103"]
[EventDate "2017.04.06"]

1. Nf3 c5 2. c4 Nc6 3. g3 Nf6 4. Bg2 d5 5. cxd5 Nxd5 6. O-O e5 7. d3 Be7 8.
Nbd2 O-O 9. Nc4 f6 10. b3 Be6 11. Bb2 Qd7 12. Re1 Rad8 13. Rc1 b6 14. a3 Nd4
15. Bxd4 cxd4 16. b4 Nc3 17. Qd2 Rc8 18. Nb2 a5 19. bxa5 bxa5 20. Ra1 Rc7 21.
e3 dxe3 22. Rxe3 Rfc8 23. Nc4 Nd5 24. Ree1 a4 25. Nh4 Nb4 26. Nb6 Qxd3 27. Qxd3
Nxd3 28. Nxc8 Bc5 29. Re2 Rxc8 30. Be4 Bd4 31. Rb1 Nc5 32. Nf5 Bxf5 33. Bxf5
Rd8 34. Kg2 g6 35. Bc2 Kg7 36. Rb4 f5 37. Bxa4 Nd3 38. Rb7+ Kh6 39. Bc2 e4 40.
f3 exf3+ 41. Kxf3 Ne5+ 42. Kg2 Bc5 43. Rb5 Bd6 44. Rd5 Nc4 45. a4 Nb6 46. Rd1
Bc7 47. Rxd8 Bxd8 48. Re6 Nc4 49. Bxf5 Bb6 50. Bd3 Ne3+ 51. Kf3 Nd5 52. Bc4 1-0

[Event "XIV Open Primavera"]
[Site "Robecchetto con Induno ITA"]
[Date "2017.04.06"]
[Round "1"]
[White "Virgilio, Gianluca"]
[Black "Macchiettini, Pierangelo"]
[Result "1-0"]
[WhiteElo "1783"]
[BlackElo "1655"]
[PlyCount "61"]
[EventDate "2017.04.06"]

1. d4 d5 2. Nf3 Nf6 3. c4 e6 4. g3 Nbd7 5. Bg2 c6 6. O-O Bd6 7. Nfd2 O-O 8. Nc3
dxc4 9. Nxc4 Bc7 10. e4 e5 11. d5 cxd5 12. exd5 Ne8 13. b3 f6 14. Ba3 Rf7 15.
d6 Ba5 16. b4 Nb6 17. Nxa5 Rd7 18. Qb3+ Kh8 19. Rfd1 Nxd6 20. Ne4 Nxe4 21. Rxd7
Qxd7 22. Bxe4 Rb8 23. Rd1 Qc7 24. Qc3 Qe7 25. b5 Qe8 26. Qc7 Be6 27. Bxb7 Bg4
28. Rd6 h5 29. Nc6 Kh7 30. Nxb8 Qxb5 31. Qc2+ 1-0

[Event "XIV Open Primavera"]
[Site "Robecchetto con Induno ITA"]
[Date "2017.04.06"]
[Round "1"]
[White "Madaschi, Sergio"]
[Black "Colombo, Emanuele"]
[Result "1/2-1/2"]
[WhiteElo "1389"]
[BlackElo "1584"]
[PlyCount "120"]
[EventDate "2017.04.06"]

1. d4 d5 2. Nf3 c6 3. e3 Bg4 4. Nbd2 f5 5. Be2 Nd7 6. O-O e6 7. c4 Ngf6 8. b3
Bd6 9. c5 Bc7 10. h3 Bh5 11. Bb2 O-O 12. Ng5 Bxe2 13. Qxe2 Qe7 14. b4 h6 15.
Ngf3 Ne4 16. Ne1 Qh4 17. Ndf3 Qh5 18. Nd3 g5 19. Rfe1 g4 20. Nfe5 Ndf6 21. Nf4
Qe8 22. Nfg6 gxh3 23. Nxf8 Qxf8 24. gxh3 Ng5 25. Kh2 Kh7 26. f4 Nge4 27. Rg1
Bxe5 28. dxe5 Ng8 29. Rg2 a5 30. a3 Qd8 31. Qh5 Qc7 32. Rag1 Kh8 33. Qg6 axb4
34. axb4 Qe7 35. Bd4 Rd8 36. Qh5 Qh7 37. Rg7 Qxg7 38. Rxg7 Kxg7 39. h4 Ne7 40.
Qe2 Kg6 41. h5+ Kf7 42. Qe1 Rg8 43. Qh4 Rg4 44. Qe1 Ng3 45. Kh3 Nxh5 46. Qa1
Ng3 47. Qa7 Ne4 48. Qxb7 Rg3+ 49. Kh2 Rg8 50. b5 cxb5 51. Qxb5 Rc8 52. Kh3 Nf2+
53. Kh4 Ng4 54. Kh5 Kg7 55. Qb7 Kf7 56. Qd7 Kf8 57. Qd6 Rc6 58. Qd8+ Kf7 59.
Qd7 Kf8 60. Qd8+ Kf7 1/2-1/2

[Event "XIV Open Primavera"]
[Site "Robecchetto con Induno ITA"]
[Date "2017.04.06"]
[Round "1"]
[White "Colombo, Ernesto"]
[Black "Caccianiga, Andrea"]
[Result "1-0"]
[WhiteElo "1542"]
[BlackElo "1367"]
[PlyCount "73"]
[EventDate "2017.04.06"]

1. d4 d5 2. c4 e6 3. Nc3 Nf6 4. cxd5 exd5 5. Nf3 Bg4 6. Qb3 Bxf3 7. Qxb7 Nbd7
8. exf3 Nb6 9. Qc6+ Qd7 10. Bb5 h6 11. Qxd7+ Nfxd7 12. Bc6 Rd8 13. O-O Be7 14.
Re1 g5 15. Bd2 Kf8 16. Nxd5 Nxd5 17. Bxd5 Nf6 18. Bb3 Rxd4 19. Bc3 Rf4 20. Be5
Rb4 21. Bxc7 Bc5 22. Rad1 Kg7 23. Be5 Rb7 24. Rc1 Bb4 25. Red1 a5 26. Rc6 Be7
27. Ra6 Rb5 28. Bc3 Rc8 29. g3 Rbc5 30. Re1 Bd8 31. Bd4 Rf5 32. Ra7 Rc7 33.
Rxc7 Bxc7 34. Re7 Rxf3 35. Rxf7+ Kg6 36. Rxc7 Ne8 37. Bc2+ 1-0

[Event "XIV Open Primavera"]
[Site "Robecchetto con Induno ITA"]
[Date "2017.04.06"]
[Round "1"]
[White "Caccia, Andrea"]
[Black "Rancati, David"]
[Result "0-1"]
[WhiteElo "1365"]
[BlackElo "1533"]
[PlyCount "79"]
[EventDate "2017.04.06"]

1. d4 Nf6 2. Nf3 d5 3. Bf4 e6 4. Nc3 Bb4 5. g3 Ne4 6. Qd3 a6 7. Nd2 Nxd2 8.
Bxd2 Nd7 9. e4 c6 10. a3 Be7 11. e5 c5 12. Be3 cxd4 13. Bxd4 Qa5 14. Qd1 Qc7
15. Qh5 Bc5 16. Bxc5 Nxc5 17. Qe2 Bd7 18. O-O-O Bc6 19. Rd4 O-O-O 20. f4 Nd7
21. g4 Kb8 22. Bg2 Nb6 23. b3 Be8 24. Na2 Qc5 25. c3 Qxa3+ 26. Qb2 Qc5 27. Rhd1
Rc8 28. Bf1 Bb5 29. b4 Qc6 30. Bxb5 Qxb5 31. Qb3 Rc4 32. R1d3 Rhc8 33. Kd2 Na4
34. f5 Nc5 35. Qxc4 dxc4 36. Nc1 cxd3 37. bxc5 Qb2+ 38. Kd1 Qc2+ 39. Ke1 Qxc3+
40. Kd1 0-1

[Event "XIV Open Primavera"]
[Site "Robecchetto con Induno ITA"]
[Date "2017.04.06"]
[Round "1"]
[White "Fortes Serra, Jordi"]
[Black "Ghiggini, Stefano"]
[Result "0-1"]
[WhiteElo "1472"]
[BlackElo "1326"]
[PlyCount "118"]
[EventDate "2017.04.06"]

1. d4 Nf6 2. c4 g6 3. Nc3 Bg7 4. e4 d6 5. f4 O-O 6. Nf3 c5 7. d5 e6 8. e5 dxe5
9. fxe5 Ne8 10. Be2 Nc7 11. O-O Nd7 12. Bf4 f6 13. dxe6 Nxe6 14. exf6 Bxf6 15.
Bd2 Bg7 16. Nd5 Nb6 17. Bc3 Bxc3 18. Nxc3 Nd7 19. Qd5 Qe7 20. Ne5 Rxf1+ 21.
Rxf1 Nxe5 22. Qxe5 Qg7 23. Qd5 Qd4+ 24. Kh1 Kg7 25. Rd1 Qxd5 26. cxd5 Nd4 27.
Bc4 Bd7 28. Re1 Re8 29. Rxe8 Bxe8 30. Kg1 Bd7 31. Kf2 Kf6 32. Ke3 Ke5 33. Ne4
b6 34. Ba6 Bf5 35. d6 Bxe4 36. d7 Ne6 37. Bc4 Bd5 38. Bb5 Bxa2 39. Ba6 Nd8 40.
g3 Bd5 41. h4 Bc6 42. Bc8 Ke6 43. Kf4 Bxd7 44. Ba6 Kf6 45. Bc4 Ne6+ 46. Ke4 Nd4
47. Kf4 a5 48. Bg8 Kg7 49. Bd5 Kf6 50. Bg8 h6 51. Ke4 Bc6+ 52. Kf4 b5 53. Ke3
g5 54. Bh7 gxh4 55. gxh4 Ke5 56. Kd3 c4+ 57. Kc3 Kd5 58. Bg8+ Kc5 59. Kd2 Nf3+
0-1

[Event "XIV Open Primavera"]
[Site "Robecchetto con Induno ITA"]
[Date "2017.04.06"]
[Round "1"]
[White "Crotti, Massimo"]
[Black "Vighi, Gabriele"]
[Result "0-1"]
[WhiteElo "1316"]
[BlackElo "1443"]
[PlyCount "106"]
[EventDate "2017.04.06"]

1. d4 Nf6 2. Bg5 e6 3. Nf3 Be7 4. Nc3 d5 5. h3 c5 6. e3 Nc6 7. Be2 cxd4 8. exd4
Bb4 9. O-O h6 10. Bf4 Bxc3 11. bxc3 Ne4 12. Qd3 O-O 13. a3 Na5 14. Rab1 Nc4 15.
Rb3 Bd7 16. Ne5 Bc6 17. Nxc6 bxc6 18. Bc1 Qc7 19. Bf3 Ncd6 20. Bf4 Nf6 21. Be2
c5 22. Qg3 Nfe4 23. Qg4 Kh8 24. Bd3 c4 25. Bxe4 cxb3 26. Bxd6 Qxd6 27. Bd3 b2
28. c4 dxc4 29. Bxc4 Qxa3 30. Bd3 Rab8 31. Qe4 g6 32. Qe5+ Kh7 33. Rb1 Qa1 34.
c3 Qa3 35. d5 exd5 36. Qd4 Rb3 37. Qxd5 Rxc3 38. Bxg6+ Kxg6 39. Qe4+ Kg7 40.
Qg4+ Kh8 41. Qd4+ f6 42. Kh2 Qc5 43. Qh4 Qg5 44. Qxg5 hxg5 45. Rxb2 a5 46. Ra2
Ra8 47. Ra4 Rb3 48. Rd4 a4 49. Rd6 Kg7 50. Rd4 a3 51. h4 gxh4 52. Rg4+ Kf7 53.
Rxh4 a2 0-1

[Event "XIV Open Primavera"]
[Site "Robecchetto con Induno ITA"]
[Date "2017.04.06"]
[Round "1"]
[White "Koureas, Panicos"]
[Black "Rampazzo, Franco"]
[Result "0-1"]
[WhiteElo "1439"]
[BlackElo "1295"]
[PlyCount "70"]
[EventDate "2017.04.06"]

1. e4 c5 2. Nc3 Nc6 3. f4 d6 4. Nf3 Bg4 5. Bb5 a6 6. Bxc6+ bxc6 7. O-O Nf6 8.
d3 g6 9. Qe1 Bg7 10. Qh4 Bxf3 11. Rxf3 e6 12. Qg3 O-O 13. f5 exf5 14. exf5 d5
15. Bg5 Qb8 16. Rb1 Nh5 17. Qf2 Bxc3 18. fxg6 Bd4 19. gxh7+ Kxh7 20. Qxd4 cxd4
21. Rh3 Kg6 22. g4 Nf4 23. Bxf4 Qxf4 24. Rf1 Qxg4+ 25. Rg3 Kh5 26. Rxg4 Kxg4
27. Kh1 f5 28. Rg1+ Kf3 29. Rg3+ Kf4 30. Kg2 Rg8 31. Kf2 Rxg3 32. hxg3+ Kg4 33.
b3 Re8 34. a4 Re3 35. b4 Rxg3 0-1

[Event "XIV Open Primavera"]
[Site "Robecchetto con Induno ITA"]
[Date "2017.04.11"]
[Round "2"]
[White "Testa, Loris"]
[Black "Virgilio, Gianluca"]
[Result "1-0"]
[WhiteElo "1903"]
[BlackElo "1783"]
[PlyCount "79"]
[EventDate "2017.04.06"]

1. e4 c5 2. b4 cxb4 3. a3 e6 4. axb4 Bxb4 5. c3 Ba5 6. Nf3 Nc6 7. Ba3 Nge7 8.
Bb5 Qc7 9. O-O a6 10. Ba4 b5 11. Bc2 Bb7 12. d4 d5 13. e5 b4 14. cxb4 Bxb4 15.
Ng5 Ng6 16. f4 h6 17. Nxe6 fxe6 18. Bxg6+ Kd7 19. f5 Rhf8 20. fxe6+ Ke7 21. Nc3
Rad8 22. Rxf8 Kxf8 23. Nxd5 Rxd5 24. Qf3+ Kg8 25. Qxd5 Ne7 26. Bf7+ Kh8 27. Qb3
Qc6 28. Ra2 Bxa3 29. Qxa3 Qe4 30. Rf2 Qe1+ 31. Rf1 Qe4 32. Qb2 a5 33. Bh5 Ba6
34. Bf3 Qe3+ 35. Qf2 Qb3 36. Be2 Bxe2 37. Qxe2 Qxe6 38. Qb5 Nc6 39. d5 Qxe5 40.
Qxc6 1-0

[Event "XIV Open Primavera"]
[Site "Robecchetto con Induno ITA"]
[Date "2017.04.10"]
[Round "2"]
[White "Colusso, Ermes"]
[Black "Bianchi, Alberto"]
[Result "0-1"]
[WhiteElo "1741"]
[BlackElo "1868"]
[PlyCount "112"]
[EventDate "2017.04.06"]

1. e4 e5 2. f4 exf4 3. Nf3 Ne7 4. d4 Ng6 5. Bc4 Be7 6. O-O O-O 7. Nc3 c6 8. Kh1
d6 9. Ne2 d5 10. Bd3 dxe4 11. Bxe4 Bd6 12. h3 Nd7 13. Nh2 Qc7 14. c4 Nf6 15.
Bxg6 hxg6 16. c5 Be7 17. Bxf4 Qd8 18. Nc3 Be6 19. Nf3 Nd5 20. Nxd5 Bxd5 21. Qd2
f6 22. b3 g5 23. Bh2 Qd7 24. Rae1 Rae8 25. Qf2 Bd8 26. Bd6 Rxe1 27. Rxe1 Re8
28. Re2 Rxe2 29. Qxe2 Qe6 30. Qxe6+ Bxe6 31. Kg1 g4 32. hxg4 Bxg4 33. Kf2 Kf7
34. Bb8 a6 35. b4 Ke6 36. Ke3 Bh5 37. g3 g5 38. a3 Kd5 39. Nd2 f5 40. Be5 Bd1
41. Bg7 Bc7 42. Bf6 f4+ 43. gxf4 Bxf4+ 44. Kd3 g4 45. Ne4 Bc2+ 46. Kxc2 Kxe4
47. Kd1 g3 48. Ke2 Be3 49. Be5 g2 50. Bh2 Bxd4 51. Kd2 g1=Q 52. Bxg1 Bxg1 53.
Kc2 Kd5 54. Kb3 Bxc5 55. bxc5 Kxc5 56. Ka4 b6 0-1

[Event "XIV Open Primavera"]
[Site "Robecchetto con Induno ITA"]
[Date "2017.04.13"]
[Round "2"]
[White "Rutigliano, Cesare"]
[Black "Barrera, Pietro"]
[Result "0-1"]
[WhiteElo "1666"]
[BlackElo "1812"]
[PlyCount "56"]
[EventDate "2017.04.06"]

1. Nf3 Nf6 2. c4 e6 3. Nc3 c6 4. d4 d5 5. cxd5 exd5 6. h3 Bf5 7. Bf4 Bd6 8. Ne5
Qe7 9. g4 Bg6 10. Qb3 O-O 11. O-O-O a5 12. Nxg6 fxg6 13. Bg5 b5 14. Nxb5 a4 15.
Qf3 a3 16. b3 Bb4 17. Nc3 Na6 18. h4 Bxc3 19. Qxc3 Nb4 20. Qd2 c5 21. dxc5
Qxc5+ 22. Kb1 Ne4 23. Qc1 Nc3+ 24. Ka1 Nbxa2 25. Qc2 Nb4 26. Qc1 Rfc8 27. Re1
Qxf2 28. Be3 Qxe1 0-1

[Event "XIV Open Primavera"]
[Site "Robecchetto con Induno ITA"]
[Date "2017.04.13"]
[Round "2"]
[White "Santangelo, Riccardo"]
[Black "Santoruvo, Gianfranco"]
[Result "1/2-1/2"]
[WhiteElo "1707"]
[BlackElo "1787"]
[PlyCount "58"]
[EventDate "2017.04.06"]

1. d4 d5 2. Bf4 c5 3. Nc3 Nc6 4. Nf3 cxd4 5. Nxd4 Nf6 6. e4 e6 7. Bb5 Bd7 8.
Bg5 Be7 9. exd5 Nxd5 10. Bxe7 Ndxe7 11. Nxc6 Nxc6 12. Qd2 Qc7 13. O-O-O O-O-O
14. Qg5 g6 15. h4 a6 16. Ba4 Nb4 17. Bxd7+ Rxd7 18. h5 Rhd8 19. Rxd7 Rxd7 20.
hxg6 hxg6 21. Qf6 Kb8 22. a3 Nd5 23. Qh8+ Rd8 24. Nxd5 exd5 25. Qf6 Rd6 26.
Rh8+ Ka7 27. Qd4+ b6 28. Qf4 Rc6 29. Qxc7+ Rxc7 1/2-1/2

[Event "XIV Open Primavera"]
[Site "Robecchetto con Induno ITA"]
[Date "2017.04.10"]
[Round "2"]
[White "Novi', Giuseppe"]
[Black "Caccia, Mathias"]
[Result "1-0"]
[WhiteElo "1825"]
[BlackElo "1749"]
[PlyCount "133"]
[EventDate "2017.04.06"]

1. e4 e5 2. Nf3 Nc6 3. Bb5 a6 4. Ba4 Nf6 5. O-O d6 6. d3 Be7 7. c3 b5 8. Bc2
Bg4 9. Be3 O-O 10. Nbd2 Re8 11. h3 Bc8 12. Re1 Bf8 13. Nf1 Nb8 14. Ng3 c5 15.
d4 Nc6 16. Rc1 Rb8 17. b3 Bb7 18. Bb1 Bc8 19. Bg5 h6 20. Be3 Kh7 21. Qc2 Bd7
22. Rcd1 Qc7 23. Nh2 Rbc8 24. f4 cxd4 25. cxd4 Kg8 26. fxe5 dxe5 27. d5 Nd8 28.
Qxc7 Rxc7 29. Rc1 Rxc1 30. Rxc1 Nb7 31. Nf3 Bd6 32. Nh4 Rc8 33. Rxc8+ Bxc8 34.
Nhf5 Bf8 35. Bd3 Bc5 36. Kf2 Kf8 37. Kf3 Bxe3 38. Nxe3 g6 39. b4 Nd6 40. Nd1 h5
41. Nc3 Ke7 42. Nf1 Bd7 43. Nd2 Nfe8 44. Nb3 Nc7 45. Nc5 Be8 46. a4 Kf6 47.
axb5 axb5 48. h4 Ke7 49. Be2 Kf6 50. g4 hxg4+ 51. Kxg4 Kg7 52. Bd3 Kf6 53. h5
gxh5+ 54. Kxh5 Kg7 55. Kh4 Kg6 56. Kg4 Kf6 57. Nb1 Kg6 58. Nd2 Kf6 59. Nf3 Kg6
60. Nxe5+ Kf6 61. Kf4 Ke7 62. Ng4 Nc4 63. Ne3 Nxe3 64. Kxe3 Kd6 65. Kd4 f6 66.
Nb7+ Kd7 67. Kc5 1-0

[Event "XIV Open Primavera"]
[Site "Robecchetto con Induno ITA"]
[Date "2017.04.10"]
[Round "2"]
[White "Colombo, Sandro"]
[Black "Gaspari, Giulio"]
[Result "1-0"]
[WhiteElo "1791"]
[BlackElo "1717"]
[PlyCount "139"]
[EventDate "2017.04.06"]

1. c4 e6 2. Nc3 Nf6 3. e4 Nc6 4. d4 Bb4 5. Bg5 h6 6. Bxf6 Qxf6 7. Nf3 O-O 8.
Be2 Bxc3+ 9. bxc3 b6 10. O-O Na5 11. Qc2 d6 12. e5 dxe5 13. Nxe5 Qe7 14. Bf3
Rb8 15. Rfe1 c5 16. Rab1 Qc7 17. Be4 Ba6 18. Bd3 Rbd8 19. Re4 Bb7 20. Rh4 Qe7
21. Rh3 cxd4 22. cxd4 Rxd4 23. Re1 Nc6 24. Nf3 Nb4 25. Bh7+ Kh8 26. Qc3 Bxf3
27. Qxd4 Kxh7 28. Rxf3 Kg8 29. Rg3 f6 30. Qd2 Kh8 31. Rb1 Nc6 32. Rd3 Ne5 33.
Rd4 Rc8 34. Rd1 Qf7 35. Rd8+ Rxd8 36. Qxd8+ Kh7 37. Qd4 Qg6 38. Kf1 Qf5 39. f4
Nc6 40. Qd3 Kg6 41. Qxf5+ Kxf5 42. g3 e5 43. fxe5 Kxe5 44. Rd7 g6 45. Kf2 h5
46. Ke3 f5 47. Rd5+ Ke6 48. Kf4 Ne7 49. Rd8 Nc6 50. Rc8 Kd6 51. Kg5 Ne7 52. Ra8
a5 53. Ra7 Nc6 54. Rg7 Nd4 55. Kxg6 Nf3 56. h4 f4 57. gxf4 Nxh4+ 58. Kxh5 Nf5
59. Rg5 Ne7 60. f5 Ke5 61. Kg4 Kf6 62. Rh5 Ke5 63. Rh6 Kd4 64. Rxb6 Kxc4 65. f6
Ng6 66. Kg5 Ne5 67. Rb7 Nf3+ 68. Kh6 Ne5 69. f7 Nxf7+ 70. Rxf7 1-0

[Event "XIV Open Primavera"]
[Site "Robecchetto con Induno ITA"]
[Date "2017.04.10"]
[Round "2"]
[White "Macchiettini, Pierangelo"]
[Black "Salerno, Christian"]
[Result "1/2-1/2"]
[WhiteElo "1655"]
[BlackElo "1777"]
[PlyCount "73"]
[EventDate "2017.04.06"]

1. d4 d5 2. Nf3 Nf6 3. c4 c6 4. e3 e6 5. a3 Be7 6. Nc3 O-O 7. Bd3 dxc4 8. Bxc4
b5 9. Be2 Bb7 10. Qc2 a6 11. O-O Nbd7 12. Bd2 c5 13. dxc5 Nxc5 14. Rfd1 Qb6 15.
b4 Nce4 16. Rac1 Rac8 17. Qb2 Nxd2 18. Nxd2 Nd5 19. Nxd5 Bxd5 20. Bf3 Bf6 21.
Qb1 Bxf3 22. Nxf3 Rxc1 23. Qxc1 Rd8 24. Nd4 g6 25. Nc2 Rxd1+ 26. Qxd1 Qd8 27.
Qxd8+ Bxd8 28. e4 Bf6 29. Kf1 h5 30. Ke2 Kg7 31. Kd3 e5 32. Kc3 Kf8 33. Kb3 Ke7
34. Ne3 Kd6 35. a4 Bd8 36. Nd5 f5 37. f3 1/2-1/2

[Event "XIV Open Primavera"]
[Site "Robecchetto con Induno ITA"]
[Date "2017.04.10"]
[Round "2"]
[White "Vighi, Gabriele"]
[Black "Colombo, Ernesto"]
[Result "1/2-1/2"]
[WhiteElo "1443"]
[BlackElo "1542"]
[PlyCount "127"]
[EventDate "2017.04.06"]

1. e4 c5 2. Nc3 d6 3. f4 e6 4. Nf3 Nf6 5. Bb5+ Bd7 6. Bxd7+ Nbxd7 7. O-O Be7 8.
d3 O-O 9. Qe1 h6 10. Qg3 Kh8 11. Qh3 Nh7 12. g4 Kg8 13. Kh1 a6 14. Rg1 b5 15.
g5 hxg5 16. Nxg5 Bxg5 17. fxg5 Ne5 18. g6 Nxg6 19. Rxg6 fxg6 20. Qxe6+ Rf7 21.
Qxg6 Qf6 22. Qxf6 Rxf6 23. Be3 Raf8 24. Kg2 Rg6+ 25. Kh1 Nf6 26. h3 Rg3 27. e5
Rxe3 28. exf6 Rxh3+ 29. Kg2 Rh6 30. fxg7 Kxg7 31. Ne4 Rg6+ 32. Ng3 Rg8 33. Rf1
Rf8 34. Rxf8 Kxf8 35. Kf3 Ke7 36. Ne2 d5 37. c3 Kd6 38. d4 Rh6 39. Ke3 Rh2 40.
b3 Rh1 41. Kd2 a5 42. Nc1 b4 43. cxb4 axb4 44. dxc5+ Kxc5 45. Nd3+ Kb5 46. Kc2
Rh4 47. Kb2 Rd4 48. Kc2 Kc6 49. Kd2 Kc7 50. Ke3 Re4+ 51. Kd2 Kd6 52. Kc2 Re2+
53. Kb1 Rd2 54. Nxb4 d4 55. Kc1 Rh2 56. a4 Ke5 57. a5 Ke4 58. a6 d3 59. a7 Rh8
60. Nc6 Ra8 61. Kd2 Kd5 62. Nb4+ Kd4 63. Nxd3 Rxa7 64. Kc2 1/2-1/2

[Event "XIV Open Primavera"]
[Site "Robecchetto con Induno ITA"]
[Date "2017.04.13"]
[Round "2"]
[White "Rancati, David"]
[Black "Ghiggini, Stefano"]
[Result "1-0"]
[WhiteElo "1533"]
[BlackElo "1326"]
[PlyCount "42"]
[EventDate "2017.04.06"]

1. e4 c5 2. Nf3 d6 3. d4 cxd4 4. Nxd4 Nf6 5. Nc3 a6 6. Be3 e5 7. Nb3 Be7 8. f3
O-O 9. Qd2 Be6 10. Be2 Nc6 11. O-O Rc8 12. Nd5 Bxd5 13. exd5 Nb8 14. Rac1 b5
15. c4 bxc4 16. Bxc4 Qd7 17. Qb4 e4 18. fxe4 Nxe4 19. Bd3 Nf6 20. Bf5 Nxd5 21.
Bxd7 Nxb4 1-0

[Event "XIV Open Primavera"]
[Site "Robecchetto con Induno ITA"]
[Date "2017.04.10"]
[Round "2"]
[White "Rampazzo, Franco"]
[Black "Cunati, Valerio"]
[Result "0-1"]
[WhiteElo "1295"]
[BlackElo "1632"]
[PlyCount "136"]
[EventDate "2017.04.06"]

1. e4 c5 2. Nf3 d6 3. Nc3 Nf6 4. d4 cxd4 5. Nxd4 a6 6. Bc4 g6 7. a4 Bg7 8. O-O
O-O 9. Re1 Bg4 10. Qd3 Nbd7 11. Nf3 Rc8 12. Ba2 Nc5 13. Qe3 Qb6 14. h3 Bxf3 15.
Qxf3 Qc6 16. Bd5 Nxd5 17. Nxd5 Rfe8 18. Nc3 Bxc3 19. Qxc3 Ne6 20. Qxc6 Rxc6 21.
c3 Rc4 22. f3 Nc5 23. Rd1 Nb3 24. Ra3 Nxc1 25. Rxc1 Rec8 26. Rd1 Kf8 27. Rd3
Ke8 28. Kf2 f6 29. Ke2 Kd7 30. Kd2 Ke6 31. b3 R4c6 32. c4 a5 33. Ke3 h5 34. g3
Rc5 35. Ra2 f5 36. Rd5 Rxd5 37. exd5+ Kf6 38. Re2 Re8 39. f4 e5 40. dxe6 Rxe6+
41. Kd3 Rxe2 42. Kxe2 Ke6 43. Kd3 Kd7 44. Kc3 Kc7 45. b4 Kb6 46. bxa5+ Kxa5 47.
Kd4 Kxa4 48. Kd5 Kb3 49. Kd4 Kb4 50. Kd5 Kc3 51. Kxd6 Kxc4 52. Ke6 b5 53. Kf6
b4 54. Kxg6 b3 55. Kxf5 b2 56. Kg5 b1=Q 57. Kxh5 Qf5+ 58. Kh4 Kd4 59. g4 Qxf4
60. Kh5 Ke4 61. Kh4 Kf3 62. Kh5 Kg3 63. g5 Qh4+ 64. Kg6 Qf4 65. Kh6 Kh4 66. Kg7
Qxg5+ 67. Kf7 Qh6 68. Ke7 Kg5 0-1

[Event "XIV Open Primavera"]
[Site "Robecchetto con Induno ITA"]
[Date "2017.04.10"]
[Round "2"]
[White "Posapiano, Giacomo"]
[Black "Madaschi, Sergio"]
[Result "1-0"]
[WhiteElo "1623"]
[BlackElo "1389"]
[PlyCount "43"]
[EventDate "2017.04.06"]

1. d4 d5 2. Nf3 Nf6 3. c4 c6 4. Nc3 Bf5 5. Qb3 Qc7 6. cxd5 cxd5 7. Bg5 e6 8.
Bf4 Qc6 9. e4 dxe4 10. Bb5 exf3 11. Bxc6+ Nxc6 12. Qxb7 Rd8 13. Qxc6+ Nd7 14.
Qxf3 Be7 15. Rc1 O-O 16. h4 Nf6 17. Be5 h6 18. Ne2 Bb4+ 19. Nc3 Be7 20. O-O Bg4
21. Qg3 Rfe8 22. Bxf6 1-0

[Event "XIV Open Primavera"]
[Site "Robecchetto con Induno ITA"]
[Date "2017.04.14"]
[Round "2"]
[White "Colombo, Emanuele"]
[Black "Frignani, Alessandro"]
[Result "0-1"]
[WhiteElo "1584"]
[BlackElo "1433"]
[PlyCount "78"]
[EventDate "2017.04.06"]

1. e4 e5 2. Nf3 Nc6 3. Bc4 h6 4. c3 Nf6 5. O-O d6 6. Re1 Bg4 7. h3 Bh5 8. b4
Qe7 9. d3 g5 10. Nbd2 Bg7 11. Qb3 a6 12. a4 b6 13. Bb2 g4 14. hxg4 Bxg4 15. Bd5
Nxd5 16. Qxd5 Qd7 17. b5 axb5 18. axb5 Rxa1 19. Rxa1 Nd8 20. Ra8 O-O 21. Ra7
Be6 22. Qa8 Qxb5 23. Bc1 Nc6 24. Qb7 Nxa7 25. Qxa7 Qc6 26. Qa3 Ra8 27. Qb4 Qa4
28. Qxa4 Rxa4 29. Kh2 Ra1 30. Bb2 Ra2 31. Bc1 Rc2 32. Ba3 Rxc3 33. Bb2 Rxd3 34.
Kg3 Bf6 35. Kh2 c5 36. Bc1 b5 37. Ne1 Rd4 38. f3 Bg5 39. Nb3 Bxb3 0-1